A legfranciább algériai Ferhat Abbász politikai pályája az algériai nemzeti mozgalom tükrében /

Ferhat Abbas is the most interesting, and at the same time “most French” figure of the Algerian national movement. His thoughts and actions were guided by the “quest for civilization”, which was also the justification of the colonial expansion of the Third Republic. His political career is also the...

Teljes leírás

Elmentve itt :
Bibliográfiai részletek
Szerző: J. Nagy László
Dokumentumtípus: Cikk
Megjelent: 2021
Sorozat:Aetas 36 No. 2
Kulcsszavak:Ferhat Abbas, Algéria története - 1954-1962 - életrajz, Algéria története - 19-20. sz.
Online Access:http://acta.bibl.u-szeged.hu/74435
LEADER 02771nab a2200205 i 4500
001 acta74435
005 20220223155836.0
008 220223s2021 hu o 0|| hun d
022 |a 0237-7934 
040 |a SZTE Egyetemi Kiadványok Repozitórium  |b hun 
041 |a hun 
041 |a eng 
100 2 |a J. Nagy László 
245 1 2 |a A legfranciább algériai   |h [elektronikus dokumentum] :  |b Ferhat Abbász politikai pályája az algériai nemzeti mozgalom tükrében /  |c  J. Nagy László 
260 |c 2021 
300 |a 55-67 
490 0 |a Aetas  |v 36 No. 2 
520 3 |a Ferhat Abbas is the most interesting, and at the same time “most French” figure of the Algerian national movement. His thoughts and actions were guided by the “quest for civilization”, which was also the justification of the colonial expansion of the Third Republic. His political career is also the story of the Algerian nationalist movement. Throughout his life he always adhered to the “French ideals”, and the tripartite motto of the French Revolution: liberté, égalité, fraternité. In the 1920s he fought for the French assimilation of Algeria, he wanted it to become a province of France, but after the end of the World War he tried to have his country implement the “French ideals” as an independent state. However, none of the French governments supported his plans, so he joined those fighting for national liberation. His life in the independent Algeria was full of struggle and disappointment. He didn’t see the creation, only the death of the “French ideals” and liberal democracy, and the emergence of a personalist dictatorship, the sovietisation of the country à la Fidel Castro. He couldn’t follow the revolutionary changes that characterized many of the young countries newly freed from colonial rule, they were incompatible with his ideals and mentality. He couldn’t accept arbitrary decisions, for him institutions legitimized by elections were the basis of the political system. Barely a year after the country becoming independent, he resigned as the President of the National Assembly. This resignation meant the end of his political career: he was forced into opposition, and he was a victim of frequent harassment. In 1964‒1965 he was interned to the southern regions, and in 1976 and 1977 he was under house arrest. One of the greatest figures of the Algerian national movement was left more and more alone. He was a tragic hero. He felt betrayed, as the “French ideals” were not implemented either by their creator, France, or his home country. 
695 |a Ferhat Abbas, Algéria története - 1954-1962 - életrajz, Algéria története - 19-20. sz. 
856 4 0 |u http://acta.bibl.u-szeged.hu/74435/1/aetas_2021_002_055-067.pdf  |z Dokumentum-elérés